Statistical methods in experimental physics / (Record no. 8605)
[ view plain ]
| 000 -LEADER | |
|---|---|
| fixed length control field | 01008nam a2200289 4500 |
| 001 - CONTROL NUMBER | |
| control field | 8605 |
| 003 - CONTROL NUMBER IDENTIFIER | |
| rucl marc code | BD-RjUL |
| 005 - DATE AND TIME OF LATEST TRANSACTION | |
| control field | 20211208234623.0 |
| 008 - FIXED-LENGTH DATA ELEMENTS--GENERAL INFORMATION | |
| fixed length control field | 190114r19771971ne a b 001 0 eng |
| 020 ## - INTERNATIONAL STANDARD BOOK NUMBER | |
| International Standard Book Number | 0444101179 (American Elsevier) |
| 035 ## - SYSTEM CONTROL NUMBER | |
| System control number | (BD-RjUL)8650 |
| 040 ## - CATALOGING SOURCE | |
| Original cataloging agency | DLC |
| Transcribing agency | DLC |
| Modifying agency | DLC |
| -- | BD-RjUL |
| Language of cataloging | eng |
| 041 ## - LANGUAGE CODE | |
| Language code of text/sound track or separate title | eng |
| 082 00 - DEWEY DECIMAL CLASSIFICATION NUMBER | |
| Classification number | 519.5 |
| Edition number | 18 |
| Author mark and year | STA 1977 |
| 245 00 - TITLE STATEMENT | |
| Title | Statistical methods in experimental physics / |
| Statement of responsibility, etc. | W. T. Eadie... [et. al]. |
| 260 ## - PUBLICATION, DISTRIBUTION, ETC. (IMPRINT) | |
| Place of publication, distribution, etc. | Amsterdam : |
| Name of publisher, distributor, etc. | North-Holland Pub. Co.; |
| Place of publication, distribution, etc. | New York : |
| Name of publisher, distributor, etc. | American Elsevier Pub. Co., |
| Date of publication, distribution, etc. | c1971 [Printing 1977]. |
| 300 ## - PHYSICAL DESCRIPTION | |
| Pagination | xii, 296 p. : |
| Illustrations | illus. ; |
| Size | 27 cm. |
| 500 ## - GENERAL NOTE | |
| General note | "Sole distributors for the USA and Canada: American Elsevier Publishing Company, New York." |
| 504 ## - BIBLIOGRAPHY, ETC. NOTE | |
| Bibliography, etc | Bibliography: p. 288-291. |
| 650 #0 - SUBJECT ADDED ENTRY--TOPICAL TERM | |
| Topical term or geographic name as entry element | Physical measurements. |
| 9 (RLIN) | 36 |
| Topical term or geographic name as entry element | Mathematical statistics. |
| 9 (RLIN) | 26812 |
| Topical term or geographic name as entry element | Mathematical optimization. |
| 9 (RLIN) | 26813 |
| 700 1# - ADDED ENTRY--PERSONAL NAME | |
| Personal name | Eadie, W. T. |
| 942 ## - ADDED ENTRY ELEMENTS (KOHA) | |
| Source of classification or shelving scheme | Dewey Decimal Classification |
| Koha item type | Books |
| Lost status | Source of classification or shelving scheme | Damaged status | Not for loan | Permanent Location | Current Location | Shelving location | Date acquired | Source of acquisition | Cost, normal purchase price | Total Checkouts | Full call number | Date last seen | Copy number | Koha item type |
|---|---|---|---|---|---|---|---|---|---|---|---|---|---|---|
| Dewey Decimal Classification | Not For Loan | Central Library, University of Rajshahi | Central Library, University of Rajshahi | 13/10/1980 | Netherland | 0.00 | 519.5 STA 1977 | 19/01/2014 | C-1 | Books |